Neutral Countries of Both World Wars - Statistics

General Stats
  • This quiz has been taken 24 times
  • The average score is 17 of 35
Answer Stats
Answer % Correct
Switzerland
95%
Switzerland
95%
Sweden
85%
Sweden
85%
Spain
80%
Andorra
75%
Andorra
75%
Liechtenstein
75%
Ireland
65%
Norway
65%
Vatican City
65%
Vatican City
65%
Portugal
60%
Chile
50%
Colombia
50%
Bolivia
45%
Ecuador
45%
Mexico
45%
Monaco
45%
Netherlands
45%
Peru
45%
Argentina
40%
Denmark
40%
Venezuela
40%
Afghanistan
30%
Afghanistan
30%
Iran
30%
Iran
30%
El Salvador
25%
Ethiopia
25%
Suriname
20%
Bhutan
15%
Dominican Republic
15%
North Yemen
10%
Liechtenstien
0%
No matching quizzes found
Score Distribution
Percent of People with Each Score
Percentile by Number Answered
Your Score History
You have not taken this quiz